[Event "Mecklenburg VP VL1819"]
[Site "Mecklenburg VP"]
[Date "2019.01.20"]
[Round "5.8"]
[White "Grossmann, Piet"]
[Black "Zeeck, Detlef"]
[Result "1/2-1/2"]
[WhiteElo "1688"]
[BlackElo "1676"]
[PlyCount "62"]
[EventDate "2018.10.21"]
[EventType "team-tourn"]
[EventRounds "9"]
[EventCountry "GER"]
[SourceTitle "EXT 2022"]
[Source "ChessBase"]
[SourceDate "2021.10.06"]
[SourceVersion "1"]
[SourceVersionDate "2021.10.06"]
[SourceQuality "1"]
[WhiteTeam "Torgelow Droegeheide"]
[BlackTeam "Schwerin SF III"]
[WhiteTeamCountry "GER"]
[BlackTeamCountry "GER"]

1. e4 c6 2. d4 d5 3. exd5 cxd5 4. Bd3 Nc6 5. c3 Qc7 6. Ne2 Nf6 7. Bf4 e5 8. dxe5 Nxe5 9. Bb5+ Bd7 10. Bxd7+ Kxd7 11. 0-0 Bd6 12. Nd4 a6 13. Nd2 Nc4 14. Bxd6 Nxd6 15. Re1 Rhe8 16. Qc2 Rxe1+ 17. Rxe1 Re8 18. Rxe8 Kxe8 19. Nf1 Qe7 20. f3 Kf8 21. Qe2 Qxe2 22. Nxe2 Ke7 23. Nd4 g6 24. Kf2 Nc4 25. b3 Ne5 26. Ke3 Kd6 27. a4 Ned7 28. Nd2 Ne5 29. Nb1 Nfd7 30. Na3 Nc5 31. Nac2 Nc6 1/2-1/2

[Event "Mecklenburg VP VL 1718"]
[Site "Mecklenburg VP"]
[Date "2018.03.18"]
[Round "7.8"]
[White "Zeeck, Detlef"]
[Black "Schmidtke, Wilfried"]
[Result "1-0"]
[WhiteElo "1668"]
[BlackElo "1594"]
[PlyCount "47"]
[EventDate "2017.10.08"]
[EventType "team-tourn"]
[EventRounds "9"]
[EventCountry "GER"]
[SourceTitle "EXT 2022"]
[Source "ChessBase"]
[SourceDate "2021.10.06"]
[SourceVersion "1"]
[SourceVersionDate "2021.10.06"]
[SourceQuality "1"]
[WhiteTeam "Schwerin SF II"]
[BlackTeam "Wismar ASV Gruen-Weiss"]
[WhiteTeamCountry "GER"]
[BlackTeamCountry "GE2"]

1. d4 Nf6 2. Bf4 e6 3. e3 c5 4. c3 Nc6 5. Nd2 b6 6. Ngf3 Bb7 7. Bd3 d6 8. Qe2 Be7 9. h3 0-0 10. 0-0 h6 11. Rfd1 cxd4 12. exd4 Rc8 13. Rac1 d5 14. Ne5 Nxe5 15. dxe5 Nh7 16. Bh2 Kh8 17. Bb1 Qd7 18. f4 Qa4 19. f5 Ba6 20. Qh5 Bc5+ 21. Kh1 Qd7 22. fxe6 Qxe6 23. Bf5 Qxe5 24. Bxe5 1-0

[Event "Mecklenburg VP VL 1718"]
[Site "Mecklenburg VP"]
[Date "2018.02.25"]
[Round "6.8"]
[White "Armbruester, Clemens"]
[Black "Zeeck, Detlef"]
[Result "1/2-1/2"]
[WhiteElo "1706"]
[BlackElo "1668"]
[PlyCount "26"]
[EventDate "2017.10.08"]
[EventType "team-tourn"]
[EventRounds "9"]
[EventCountry "GER"]
[SourceTitle "EXT 2022"]
[Source "ChessBase"]
[SourceDate "2021.10.06"]
[SourceVersion "1"]
[SourceVersionDate "2021.10.06"]
[SourceQuality "1"]
[WhiteTeam "Guestrow/Teterow"]
[BlackTeam "Schwerin SF III"]
[WhiteTeamCountry "GER"]
[BlackTeamCountry "GER"]

1. d4 Nf6 2. c4 e6 3. Nf3 Bb4+ 4. Bd2 Qe7 5. a3 Bxd2+ 6. Nbxd2 d6 7. e3 e5 8. dxe5 dxe5 9. Qc2 0-0 10. Bd3 Rd8 11. Be4 Nbd7 12. Qc3 Nxe4 13. Nxe4 b6 1/2-1/2

[Event "Mecklenburg VP VL 1718"]
[Site "Mecklenburg VP"]
[Date "2017.12.10"]
[Round "4.8"]
[White "Zeeck, Detlef"]
[Black "Krautschick, Clemens"]
[Result "0-1"]
[WhiteElo "1668"]
[BlackElo "1831"]
[PlyCount "100"]
[EventDate "2017.10.08"]
[EventType "team-tourn"]
[EventRounds "9"]
[EventCountry "GER"]
[SourceTitle "EXT 2022"]
[Source "ChessBase"]
[SourceDate "2021.10.06"]
[SourceVersion "1"]
[SourceVersionDate "2021.10.06"]
[SourceQuality "1"]
[WhiteTeam "Schwerin SF III"]
[BlackTeam "Rostock SSC 07"]
[WhiteTeamCountry "GER"]
[BlackTeamCountry "GER"]

1. d4 Nf6 2. Bf4 g6 3. e3 Bg7 4. Be2 d6 5. Nd2 c5 6. c3 cxd4 7. exd4 Nc6 8. Ngf3 Qc7 9. 0-0 0-0 10. Re1 e5 11. dxe5 dxe5 12. Bg3 Nh5 13. Bh4 Be6 14. Ng5 Nf4 15. Nxe6 Nxe6 16. Bc4 Nf4 17. Qf3 Na5 18. Bf1 h6 19. Rad1 g5 20. Bg3 f5 21. Bxf4 gxf4 22. Qd5+ Kh7 23. Nc4 Nxc4 24. Qxc4 Rac8 25. Qxc7 Rxc7 26. Rd5 a6 27. Bd3 e4 28. Bb1 Kg6 29. g4 fxg3 30. hxg3 h5 31. Kg2 Re7 32. Red1 Rfe8 33. Re1 Bf6 34. Rc1 Re5 35. Rd7 R8e7 36. Rxe7 Bxe7 37. Rd1 h4 38. Rd7 hxg3 39. Kxg3 b6 40. Rd1 Re6 41. a3 Bd6+ 42. Kg2 Kg5 43. Ba2 Rh6 44. Re1 Kf4 45. Bb3 Rg6+ 46. Kf1 Bc5 47. Re2 e3 48. fxe3+ Bxe3 49. Rg2 Rxg2 50. Kxg2 Bc1 0-1

[Event "Mecklenburg VP VL 1213"]
[Site "Mecklenburg VP"]
[Date "2012.11.11"]
[Round "2.8"]
[White "Warmuth, Ruediger"]
[Black "Zeeck, Detlef"]
[Result "1-0"]
[WhiteElo "1440"]
[BlackElo "1814"]
[PlyCount "123"]
[EventDate "2012.10.14"]
[EventType "team-tourn"]
[EventRounds "9"]
[EventCountry "GER"]
[SourceTitle "EXT 2022"]
[Source "ChessBase"]
[SourceDate "2021.10.06"]
[SourceVersion "1"]
[SourceVersionDate "2021.10.06"]
[SourceQuality "1"]
[WhiteTeam "Warnemuende SF Ostsee"]
[BlackTeam "Schwerin SF II"]
[WhiteTeamCountry "GER"]
[BlackTeamCountry "GER"]

1. e4 c6 2. d4 d5 3. e5 Bf5 4. Nf3 e6 5. Be2 c5 6. c3 Nc6 7. 0-0 Bxb1 8. Rxb1 Nge7 9. Bg5 Qc7 10. b4 c4 11. a4 Ng6 12. h4 Be7 13. h5 Bxg5 14. Nxg5 Nf4 15. Bg4 Qe7 16. Nh3 Nxh3+ 17. Bxh3 g6 18. h6 Qh4 19. Qf3 Ne7 20. Qf6 Qxf6 21. exf6 Ng8 22. g4 Nxf6 23. f3 Kd7 24. Kf2 Kd6 25. Rbe1 Rae8 26. Re2 g5 27. Re5 Rhg8 28. Rh1 Rg6 29. Bf1 Ng8 30. Be2 f6 31. Re3 Rxh6 32. Rxh6 Nxh6 33. Bd1 Rh8 34. Kg3 Nf7 35. Re1 h5 36. gxh5 Rxh5 37. Bc2 Rh4 38. a5 e5 39. Bg6 Nd8 40. dxe5+ fxe5 41. Rd1 d4 42. Be4 d3 43. Rb1 Nc6 44. Ra1 Nxb4 45. cxb4 Rxe4 46. fxe4 Kc6 47. Kf3 Kb5 48. Ke3 Kxb4 49. Kd2 b5 50. a6 Kc5 51. Ke3 Kb4 52. Kd2 Kc5 53. Ke3 Kb4 54. Rb1+ Ka4 55. Rh1 Kb3 56. Kd2 b4 57. Rb1+ Ka3 58. Rc1 Kb2 59. Rxc4 b3 60. Kxd3 Ka1 61. Kc3 b2 62. Ra4+ 1-0

[Event "Mecklenburg VP LL2 West 1112"]
[Site "Mecklenburg VP"]
[Date "2012.03.18"]
[Round "8.3"]
[White "Luther, Alexander"]
[Black "Zeeck, Detlef"]
[Result "0-1"]
[WhiteElo "1889"]
[BlackElo "1805"]
[PlyCount "60"]
[EventDate "2011.10.02"]
[EventType "team-tourn"]
[EventRounds "9"]
[EventCountry "GER"]
[SourceTitle "EXT 2022"]
[Source "ChessBase"]
[SourceDate "2021.10.06"]
[SourceVersion "1"]
[SourceVersionDate "2021.10.06"]
[SourceQuality "1"]
[WhiteTeam "Guestrow/Teterow"]
[BlackTeam "Neukloster III"]
[WhiteTeamCountry "GER"]
[BlackTeamCountry "GER"]

1. e4 c6 2. Nf3 d5 3. exd5 cxd5 4. Ne5 Nc6 5. d4 Nf6 6. c3 g6 7. Nd2 Bg7 8. Bb5 Bd7 9. Nxd7 Nxd7 10. 0-0 0-0 11. Nf3 e5 12. dxe5 Ndxe5 13. Re1 Qb6 14. Bf1 Ng4 15. Qc2 d4 16. h3 dxc3 17. bxc3 Nf6 18. Rb1 Qc7 19. Ba3 Rfe8 20. Red1 Red8 21. Qb3 Na5 22. Qc2 Rxd1 23. Rxd1 Rd8 24. Rxd8+ Qxd8 25. c4 Qc7 26. Qe2 h6 27. Bb4 Nc6 28. Bc3 Qe7 29. Nd4 Qxe2 30. Nxe2 Ne4 0-1

[Event "Mecklenburg VP LL2 West 1112"]
[Site "Mecklenburg VP"]
[Date "2012.02.26"]
[Round "7.2"]
[White "Schmidt, Joerg"]
[Black "Zeeck, Detlef"]
[Result "1/2-1/2"]
[WhiteElo "1906"]
[BlackElo "1805"]
[PlyCount "59"]
[EventDate "2011.10.02"]
[EventType "team-tourn"]
[EventRounds "9"]
[EventCountry "GER"]
[SourceTitle "EXT 2022"]
[Source "ChessBase"]
[SourceDate "2021.10.06"]
[SourceVersion "1"]
[SourceVersionDate "2021.10.06"]
[SourceQuality "1"]
[WhiteTeam "Malchow Schachinsel"]
[BlackTeam "Neukloster III"]
[WhiteTeamCountry "GER"]
[BlackTeamCountry "GER"]

1. c4 c5 2. Nc3 g6 3. g3 Bg7 4. Bg2 Nc6 5. Nf3 d6 6. 0-0 e5 7. d3 Nge7 8. e3 0-0 9. a3 a5 10. Rb1 Rb8 11. Bd2 f5 12. Ne1 Kh8 13. Nc2 Be6 14. e4 fxe4 15. Nxe4 b5 16. b3 b4 17. a4 Qd7 18. Ng5 Bf5 19. Be3 h6 20. Ne4 Rbd8 21. Qe2 Be6 22. Rbe1 Kh7 23. f3 Qc7 24. h3 Nd4 25. Nxd4 cxd4 26. Bf2 d5 27. Nd2 dxc4 28. Nxc4 Bxc4 29. dxc4 Nc6 30. Qe4 1/2-1/2

[Event "Mecklenburg VP VL 1011"]
[Site "Mecklenburg VP"]
[Date "2011.01.23"]
[Round "6.8"]
[White "Pawlick, Helmut"]
[Black "Zeeck, Detlef"]
[Result "1/2-1/2"]
[WhiteElo "1904"]
[BlackElo "1771"]
[PlyCount "36"]
[EventDate "2010.10.10"]
[EventType "team-tourn"]
[EventRounds "9"]
[EventCountry "GER"]
[SourceTitle "EXT 2022"]
[Source "ChessBase"]
[SourceDate "2021.10.06"]
[SourceVersion "1"]
[SourceVersionDate "2021.10.06"]
[SourceQuality "1"]
[WhiteTeam "Stralsund FHSG"]
[BlackTeam "Neukloster II"]
[WhiteTeamCountry "GER"]
[BlackTeamCountry "GER"]

1. e4 c6 2. d4 d5 3. exd5 cxd5 4. Bd3 Nc6 5. c3 Qc7 6. Qc2 Nf6 7. Bg5 e5 8. Bxf6 gxf6 9. dxe5 fxe5 10. f3 Be6 11. Ne2 0-0-0 12. Nd2 h5 13. Bf5 Bxf5 14. Qxf5+ Kb8 15. 0-0-0 d4 16. Kb1 dxc3 17. Nxc3 Nd4 18. Qd3 Bb4 1/2-1/2

[Event "Mecklenburg VP VL 1011"]
[Site "Mecklenburg VP"]
[Date "2010.11.14"]
[Round "3.8"]
[White "Balz, Christian"]
[Black "Zeeck, Detlef"]
[Result "1/2-1/2"]
[WhiteElo "1697"]
[BlackElo "1771"]
[PlyCount "71"]
[EventDate "2010.10.10"]
[EventType "team-tourn"]
[EventRounds "9"]
[EventCountry "GER"]
[SourceTitle "EXT 2022"]
[Source "ChessBase"]
[SourceDate "2021.10.06"]
[SourceVersion "1"]
[SourceVersionDate "2021.10.06"]
[SourceQuality "1"]
[WhiteTeam "Torgelow Droegeheide"]
[BlackTeam "Neukloster II"]
[WhiteTeamCountry "GER"]
[BlackTeamCountry "GER"]

1. e4 c6 2. d4 d5 3. Nc3 dxe4 4. Nxe4 Bf5 5. Ng3 Bg6 6. Nf3 Nd7 7. Bc4 Qc7 8. Qe2 e6 9. h4 h6 10. Bd2 Ngf6 11. h5 Bh7 12. 0-0-0 0-0-0 13. Ne5 Nxe5 14. dxe5 Nd5 15. f4 c5 16. Qf3 a6 17. Be1 Qc6 18. Bxd5 Rxd5 19. Rxd5 exd5 20. Qb3 c4 21. Qc3 b5 22. Qa5 Bc5 23. Bd2 Kb7 24. Re1 Bf2 25. Ne2 Bxe1 26. Bxe1 Qb6 27. Qb4 Rd8 28. Qe7+ Qc7 29. Qxc7+ Kxc7 30. Ba5+ Kd7 31. Bxd8 Kxd8 32. Nc3 d4 33. Ne2 d3 34. cxd3 Bxd3 35. Nc3 Bf1 36. g3 1/2-1/2

[Event "Mecklenburg VP-ch"]
[Site "Nakenstorf"]
[Date "2010.04.01"]
[Round "1.6"]
[White "Stubbe, Wilko"]
[Black "Zeeck, Detlef"]
[Result "1-0"]
[WhiteElo "2149"]
[BlackElo "1851"]
[PlyCount "51"]
[EventDate "2010.04.01"]
[EventType "swiss"]
[EventRounds "9"]
[EventCountry "GER"]
[SourceTitle "EXT 2022"]
[Source "ChessBase"]
[SourceDate "2021.10.06"]
[SourceVersion "1"]
[SourceVersionDate "2021.10.06"]
[SourceQuality "1"]

1. e4 c6 2. d4 d5 3. Nc3 dxe4 4. Nxe4 Bf5 5. Ng3 Bg6 6. Nf3 Nd7 7. Bd3 Bxd3 8. Qxd3 e6 9. 0-0 Qc7 10. a3 Ngf6 11. Re1 0-0-0 12. a4 h6 13. Bd2 c5 14. c3 g5 15. Qe2 Bd6 16. a5 g4 17. Ne5 Nxe5 18. dxe5 Bxe5 19. a6 b6 20. Be3 Bf4 21. b4 Rd7 22. bxc5 Bxe3 23. Qxe3 Qxc5 24. Qe2 h5 25. Ra4 Rhd8 26. Rc4 1-0

[Event "Mecklenburg VP LL 0809"]
[Site "Mecklenburg VP"]
[Date "2008.10.05"]
[Round "1.8"]
[White "Huebner, Pierre"]
[Black "Zeeck, Detlef"]
[Result "1/2-1/2"]
[WhiteElo "1709"]
[BlackElo "1863"]
[PlyCount "73"]
[EventDate "2008.10.05"]
[EventType "team-tourn"]
[EventRounds "9"]
[EventCountry "GER"]
[SourceTitle "EXT 2022"]
[Source "ChessBase"]
[SourceDate "2021.10.06"]
[SourceVersion "1"]
[SourceVersionDate "2021.10.06"]
[SourceQuality "1"]
[WhiteTeam "Neubrandenburg SG Eintracht"]
[BlackTeam "Neukloster II"]
[WhiteTeamCountry "GER"]
[BlackTeamCountry "GER"]

1. e4 c6 2. d4 d5 3. exd5 cxd5 4. Nf3 Nf6 5. Be3 Nc6 6. c3 e6 7. Nbd2 Bd6 8. Bd3 0-0 9. 0-0 a6 10. Qc2 b5 11. a3 Bb7 12. Bg5 h6 13. Bh4 Rc8 14. Qd1 e5 15. dxe5 Nxe5 16. Nxe5 Bxe5 17. Nf3 Bb8 18. Nd4 Qb6 19. Bf5 Rce8 20. Qd3 Ne4 21. f4 Bc8 22. Bxc8 Rxc8 23. Kh1 Qg6 24. Qh3 Rc4 25. Rad1 f5 26. Nb3 Qf7 27. Qd3 g5 28. fxg5 hxg5 29. Bf2 Rd8 30. Qh3 Kg7 31. Bd4+ Rxd4 32. Nxd4 Rh8 33. Nxf5+ Kg8 34. Nh6+ Rxh6 35. Rxf7 Rxh3 36. gxh3 Kxf7 37. Rxd5 1/2-1/2

[Event "Mecklenburg VP LL1 0607"]
[Site "Mecklenburg VP"]
[Date "2007.01.28"]
[Round "5.8"]
[White "Loesche, Richard"]
[Black "Zeeck, Detlef"]
[Result "1/2-1/2"]
[WhiteElo "1622"]
[BlackElo "1879"]
[PlyCount "56"]
[EventDate "2006.10.15"]
[EventType "team"]
[EventRounds "9"]
[EventCountry "GER"]
[SourceTitle "EXT 2008"]
[Source "ChessBase"]
[SourceDate "2007.11.25"]
[SourceVersion "1"]
[SourceVersionDate "2007.11.25"]
[SourceQuality "1"]
[WhiteTeam "Stralsund FHSG II"]
[BlackTeam "Torgelow"]
[WhiteTeamCountry "GER"]
[BlackTeamCountry "GER"]

1. e4 c6 2. d4 d5 3. e5 Bf5 4. Bd3 Bxd3 5. Qxd3 e6 6. Ne2 c5 7. c3 Nc6 8. 0-0 Qb6 9. a3 h5 10. b4 c4 11. Qd1 a5 12. Bb2 Nge7 13. Nd2 Nf5 14. Nf3 Be7 15. Qd2 a4 16. Ng3 g6 17. Nxf5 gxf5 18. h4 0-0-0 19. Qd1 Qa6 20. Bc1 Rdf8 21. Bf4 b5 22. Qe2 Qb6 23. Bg5 Qd8 24. g3 Bxg5 25. Nxg5 Ne7 26. Qf3 Ng6 27. Kh2 Qe7 28. Rae1 Kd7 1/2-1/2

[Event "Mecklenburg VP LL1 0506"]
[Site "Mecklenburg VP"]
[Date "2005.11.13"]
[Round "2.2"]
[White "Zeeck, Detlef"]
[Black "Friedrich, Hermann"]
[Result "1/2-1/2"]
[WhiteElo "1871"]
[BlackElo "1910"]
[PlyCount "81"]
[EventDate "2005.10.23"]
[EventType "team"]
[EventRounds "9"]
[EventCountry "GER"]
[SourceTitle "EXT 2008"]
[Source "ChessBase"]
[SourceDate "2007.11.25"]
[SourceVersion "1"]
[SourceVersionDate "2007.11.25"]
[SourceQuality "1"]
[WhiteTeam "Torgelow II"]
[BlackTeam "Neubrandenburg SV Turbine"]
[WhiteTeamCountry "GER"]
[BlackTeamCountry "GER"]

1. d4 d5 2. c4 c6 3. Nc3 Nf6 4. Nf3 Nbd7 5. Bf4 e6 6. e3 Qa5 7. Qc2 dxc4 8. Bxc4 Nd5 9. Bxd5 exd5 10. 0-0 Nf6 11. e4 Be6 12. Ng5 Be7 13. Rfe1 Qd8 14. Nxe6 fxe6 15. Qe2 Qd7 16. g4 0-0 17. exd5 Nxd5 18. Nxd5 exd5 19. Be5 Bh4 20. Rf1 Rae8 21. f4 Bd8 22. Rad1 Bb6 23. Kh1 Qe7 24. Qg2 Bc7 25. Rde1 Rf7 26. Qg3 Ba5 27. Re2 Bb6 28. Rg2 Qb4 29. a3 Qe7 30. h4 Bd8 31. Rh2 Bc7 32. Re1 Bb6 33. Ree2 Qd7 34. h5 Rfe7 35. Qf3 Bc7 36. Re1 Rf8 37. Qg3 Bxe5 38. dxe5 Ree8 39. f5 d4 40. b4 Qd5+ 41. Kg1 1/2-1/2

[Event "Mecklenburg VP LL1 0506"]
[Site "Mecklenburg VP"]
[Date "2005.10.23"]
[Round "1.3"]
[White "Zeeck, Detlef"]
[Black "Kell, Klaus"]
[Result "0-1"]
[WhiteElo "1871"]
[BlackElo "1970"]
[PlyCount "46"]
[EventDate "2005.10.23"]
[EventType "team"]
[EventRounds "9"]
[EventCountry "GER"]
[SourceTitle "EXT 2008"]
[Source "ChessBase"]
[SourceDate "2007.11.25"]
[SourceVersion "1"]
[SourceVersionDate "2007.11.25"]
[SourceQuality "1"]
[WhiteTeam "Torgelow II"]
[BlackTeam "Torgelow"]
[WhiteTeamCountry "GER"]
[BlackTeamCountry "GER"]

1. e4 c6 2. d4 d5 3. e5 Bf5 4. h4 h5 5. c4 e6 6. Nc3 Be7 7. cxd5 cxd5 8. Bg5 a6 9. Qd2 Nc6 10. Rc1 Qb6 11. Bxe7 Ngxe7 12. Nge2 0-0 13. Na4 Qa7 14. Nc5 Rac8 15. Ng3 Nxe5 16. Nxh5 N5g6 17. Nf6+ gxf6 18. h5 Ne5 19. dxe5 Rxc5 20. exf6 Rxc1+ 21. Qxc1 Qd4 22. Qg5+ Ng6 23. Be2 Qf4 0-1

[Event "Mecklenburg VP LL 0405"]
[Site "Mecklenburg VP"]
[Date "2005.03.13"]
[Round "7.4"]
[White "Rossmann, Andreas"]
[Black "Zeeck, Detlef"]
[Result "1/2-1/2"]
[WhiteElo "2025"]
[BlackElo "1908"]
[PlyCount "48"]
[EventDate "2004.10.24"]
[EventType "team"]
[EventRounds "9"]
[EventCountry "GER"]
[SourceTitle "EXT 2009"]
[Source "ChessBase"]
[SourceDate "2008.11.26"]
[SourceVersion "1"]
[SourceVersionDate "2008.11.26"]
[SourceQuality "1"]
[WhiteTeam "Neubrandenburg"]
[BlackTeam "Torgelow Greif"]
[WhiteTeamCountry "GER"]
[BlackTeamCountry "GER"]

1. e4 c6 2. d3 d5 3. Nd2 e5 4. Ngf3 Qc7 5. g3 Bg4 6. Bg2 Nd7 7. c3 Ngf6 8. Qc2 Be7 9. 0-0 0-0 10. Re1 dxe4 11. dxe4 Rfd8 12. Nc4 Be6 13. Ne3 h6 14. b4 a5 15. Bd2 c5 16. b5 c4 17. Nh4 Nc5 18. Nef5 Bf8 19. Be3 Nd3 20. Re2 g6 21. Nxh6+ Kh7 22. N4f5 gxf5 23. Nxf5 Ng4 24. Rf1 Bc5 1/2-1/2

[Event "Mecklenburg VP LL 0405"]
[Site "Mecklenburg VP"]
[Date "2005.01.16"]
[Round "5.4"]
[White "Hochgraefe, Hans Juergen"]
[Black "Zeeck, Detlef"]
[Result "1/2-1/2"]
[WhiteElo "1939"]
[BlackElo "1908"]
[PlyCount "49"]
[EventDate "2004.10.24"]
[EventType "team"]
[EventRounds "9"]
[EventCountry "GER"]
[SourceTitle "EXT 2009"]
[Source "ChessBase"]
[SourceDate "2008.11.26"]
[SourceVersion "1"]
[SourceVersionDate "2008.11.26"]
[SourceQuality "1"]
[WhiteTeam "Rostock II"]
[BlackTeam "Torgelow Greif"]
[WhiteTeamCountry "GER"]
[BlackTeamCountry "GER"]

1. d4 Nf6 2. Nf3 d5 3. Bg5 Bg4 4. Nbd2 Nbd7 5. c3 c6 6. Qc2 Qc7 7. e3 e6 8. Bd3 Bd6 9. b4 0-0 10. h3 Bh5 11. 0-0 a5 12. a3 b6 13. Rfe1 c5 14. Qb2 Rfc8 15. Rec1 axb4 16. axb4 Rxa1 17. Rxa1 cxb4 18. c4 dxc4 19. Nxc4 Bf8 20. Bf4 Qb7 21. Nce5 Nxe5 22. Nxe5 Nd5 23. Ba6 Qc7 24. Bxc8 Qxc8 25. g4 1/2-1/2

[Event "Mecklenburg VP LL 0304"]
[Site "Mecklenburg VP"]
[Date "2003.09.28"]
[Round "1.7"]
[White "Kuspiel, Manfred"]
[Black "Zeeck, Detlef"]
[Result "1/2-1/2"]
[WhiteElo "1918"]
[BlackElo "1898"]
[PlyCount "34"]
[EventDate "2003.09.28"]
[EventType "team-tourn"]
[EventRounds "9"]
[EventCountry "GER"]
[SourceTitle "EXT 2005"]
[Source "ChessBase"]
[SourceDate "2004.11.15"]
[SourceVersion "1"]
[SourceVersionDate "2004.11.15"]
[SourceQuality "1"]
[WhiteTeam "Schwerin SV Einheit"]
[BlackTeam "Torgelow"]
[WhiteTeamCountry "GER"]
[BlackTeamCountry "GER"]

1. e4 c6 2. d3 d5 3. Nd2 e5 4. Ngf3 Qc7 5. g3 Bg4 6. Bg2 Nf6 7. 0-0 dxe4 8. dxe4 Nbd7 9. Qe2 Be7 10. h3 Bh5 11. g4 Bg6 12. Nh4 Rd8 13. Nf5 Bxf5 14. exf5 Nd5 15. Ne4 0-0 16. g5 Rfe8 17. Qg4 Bf8 1/2-1/2